000 01945nam a2200241 a 4500
003 DO-SdBNP
005 20211014141928.0
007 ta
008 211008e2016 dr ||||frgl|| 001 0 spa d
020 _a9789945481778
040 _aDO-SdBNP
_bspa
_cBNPHU
082 4 _222
_aBNPHU
_bM671c
100 1 _aMirabal Vargas, Leonardo L.
_980153
245 1 0 _aCompendio de legislación inmobiliaria de la República Dominicana y leyes complementarias /
_cLeonardo Mirabal Vargas
250 _a5a. edición revisada y actualizada.
260 _aSanto Domingo :
_bCentenario SRL,
_c2016
300 _a1070 p. :
_bil. ;
_c24 cm.
500 _aIncluye biografía del autor en la contracubierta.
500 _aQuinta edición revisada y actualizada con: Resoluciones número 9-2009 que modifica tasas por servicios en la Jurisdicciones Inmobiliarias; 21-0313 sobre requisitos ante los registradores de títulos; 1419-2013 sobre procedimientos diversos ante los registradores de títulos y las Direcciones Regionales de Mensuras catastrales; 21-0313 Requisitos ante los registradores de títulos; 3764-2014 Soluciones de Mensuras Superpuestas y 001-2016 que modifica el reglamento de los Tribunales Superiores de Tierras y Tribunales de Jurisdicción originales de la Jurisdicción Inmobiliaria.
505 0 _aParte 1--
_tReglamentos.-
_gParte 2--
_tResoluciones.--
_gParte 3--
_tResoluciones de la Dirección Nacional de Registro de Títulos.--
_gParte 4--
_tDisposiciones del Comité Técnico de Registro de Títulos.--
_gParte 5--
_tDisposiciones Técnicas de Mensuras Catastrales.--
_gParte 6--
_tDesiciones de la Mesa de Políticas de la Jurisdicción Inmobiliaria.--
_gParte 7--
_tCircular Inspección Cartográfica.--
_gParte 8--
_tResoluciones complementarias.--
_gParte 9--
_tLeyes Complementarias.--
_gParte 10--
_tLeyes Supletorias--
_gParte 11--
_tOtros asuntos de interés en la Jurisdicción Inmobiliaria.
590 _aInventariado 2021 / MF
942 _2ddc
_cLBS1
999 _c50725
_d50725